名前に「森」がつく駅 - Statistics

General Stats
  • This quiz has been taken 56 times
  • The average score is 28 of 68
Answer Stats
Hint Answer % Correct
森町
100%
貝塚市
100%
大田区 大森
95%
湖西市 大森
95%
青森市 新青森
90%
青森市 青森
90%
丸森町 丸森
83%
大阪市 森ノ宮
83%
品川区 大森海岸
78%
札幌市 森林公園
73%
滑川町 森林公園
73%
青森市 東青森
70%
高森町 高森
70%
流山市 流山おおたかの森
68%
福井市 森田
65%
森町 東森
60%
大田区 大森町
60%
森町 遠州森
55%
江東区 森下
50%
名古屋市 森下
50%
北九州市 森下
50%
箱根町 彫刻の森
48%
金沢市 森本
48%
丸森町 北丸森
45%
扶桑町 柏森
45%
江東区 有明テニスの森
43%
栄村 森宮野原
43%
玖珠町 豊後森
43%
大阪市 南森町
40%
交野市 河内森
40%
岐阜市 長森
38%
稲沢市 森上
38%
諫早市 森山
38%
八幡平市 北森
30%
富岡町 夜ノ森
30%
東浦町 尾張森岡
30%
京都市 藤森
30%
北九州市 小森江
30%
秩父市 影森
28%
千葉市 大森台
28%
森町 森町病院前
28%
名古屋市 烏森
28%
大阪市 森小路
28%
三種町 森岳
25%
白馬村 信濃森上
25%
名古屋市 大森・金城学院前
25%
赤村 源じいの森
25%
京都市 JR藤森
25%
熊谷市 ひろせ野鳥の森
23%
川西市 鶯の森
23%
八峰町 八森
18%
松本市 森口
18%
美濃市 松森
18%
東近江市 河辺の森
18%
堺市 諏訪ノ森
18%
つがる市 陸奥森田
15%
八峰町 東八森
15%
上越市 大池いこいの森
15%
大阪市 天神ノ森
15%
伊達市 やながわ希望の森公園前
13%
芳賀町 かしの森公園前
13%
白馬村 飯森
13%
大阪市 新森古市
13%
岩国市 周防高森
13%
徳島市 文化の森
13%
熊本市 光の森
13%
北九州市 三ヶ森
8%
松江市 津ノ森
5%
No matching quizzes found
Score Distribution
Percent of People with Each Score
Percentile by Number Answered
Your Score History
You have not taken this quiz